| 000 | 00726nam a2200241 a 4500 | ||
|---|---|---|---|
| 001 | 50670 | ||
| 003 | BD-RjUL | ||
| 005 | 20211209075538.0 | ||
| 008 | 160828s1926 xxua|||| |||| 001 0 eng d | ||
| 035 | _a(BD-RjUL)50790 | ||
| 040 |
_aBD-RjUL _beng _cBD-RjUL |
||
| 041 | _aeng | ||
| 082 |
_223 _a516.36 _bCAC 1926 |
||
| 100 |
_a Campbell, John Edward _9151715 |
||
| 245 |
_aA course of differential geometry / _cJohn Edward Campbell; E B Elliott |
||
| 260 |
_aOxford : _bAt The Clarendon Press, _c1926 |
||
| 300 |
_axv, 261 p. : _bill. ; _c21 cm. |
||
| 500 | _aIncludes index | ||
| 650 |
_aGeometry, Differential. _9151716 |
||
| 650 |
_aDifferentialgeometrie. _9151717 |
||
| 700 |
_aElliott, E. B. _9151718 |
||
| 942 |
_2ddc _cBK |
||
| 999 |
_c50670 _d50670 |
||